Joueurs de football par images - M - Statistiques

Statistiques générales
  • Ce quiz a été pris 2 036 fois
  • Le résultat moyen est 14 sur 20
Statistiques - réponses
Par images Réponse % Correct
Kylian Mbappé
100%
Lionel Messi
100%
Diego Maradona
99%
Luka Modrić
98%
Sadio Mané
94%
Marcelo
93%
Riyad Mahrez
92%
Steve Mandanda
88%
Paolo Maldini
86%
Claude Makélélé
76%
Mario Mandžukić
76%
Javier Mascherano
74%
Dries Mertens
72%
Gerd Müller
61%
Diego Milito
45%
Lothar Matthaüs
44%
Bobby Moore
36%
Rafael Márquez
34%
Fernando Morientes
28%
Roy Makaay
10%
Aucun quiz correspondant
Distribution des résultats
% des personnes avec chaque résultat
Percentile par nombre de réponses
Votre historique - résultats
Vous n’avez pas pris ce quiz